The future of Iraq : (Record no. 4932)
[ view plain ]
| 000 -LEADER | |
|---|---|
| fixed length control field | 01375nac a22003491i 4500 |
| 003 - CONTROL NUMBER IDENTIFIER | |
| control field | EG-ScBUE |
| 005 - DATE AND TIME OF LATEST TRANSACTION | |
| control field | 20240602115552.0 |
| 008 - FIXED-LENGTH DATA ELEMENTS--GENERAL INFORMATION | |
| fixed length control field | 240602s2004 nyub f b 001 0 eng d |
| 020 ## - INTERNATIONAL STANDARD BOOK NUMBER | |
| International Standard Book Number | 1403971447 |
| 040 ## - CATALOGING SOURCE | |
| Original cataloging agency | EG-ScBUE |
| Language of cataloging | eng |
| Description conventions | rda |
| Transcribing agency | EG-ScBUE |
| Modifying agency | EG-ScBUE |
| 043 ## - GEOGRAPHIC AREA CODE | |
| Geographic area code | a-iq--- |
| 082 04 - DEWEY DECIMAL CLASSIFICATION NUMBER | |
| Classification number | 956.70443 |
| Item number | AND |
| Edition number | 22 |
| 100 1# - MAIN ENTRY--PERSONAL NAME | |
| Personal name | Anderson, Liam D., |
| Relator term | author. |
| 245 14 - TITLE STATEMENT | |
| Title | The future of Iraq : |
| Remainder of title | dictatorship, democracy, or division? / |
| Statement of responsibility, etc | Liam Anderson and Gareth Stansfield. |
| 250 ## - EDITION STATEMENT | |
| Edition statement | Updated edition. |
| 264 #1 - PUBLICATION, DISTRIBUTION, ETC. (IMPRINT) | |
| Place of publication, distribution, etc | New York, N.Y. : |
| Name of publisher, distributor, etc | Palgrave Macmillan, |
| Date of publication, distribution, etc | 2004. |
| 300 ## - PHYSICAL DESCRIPTION | |
| Extent | x, 260 pages : |
| Other physical details | maps ; |
| Dimensions | 25 cm |
| 336 ## - CONTENT TYPE | |
| Source | rdacontent |
| Content type term | text |
| Content type code | txt |
| 337 ## - MEDIA TYPE | |
| Media type term | unmediated |
| Source | rdamedia |
| Media type code | n |
| 338 ## - CARRIER TYPE | |
| Carrier type term | volume |
| Carrier type code | nc |
| Source | rdacarrier |
| 504 ## - BIBLIOGRAPHY, ETC. NOTE | |
| Bibliography, etc | Includes bibliographical references and index. |
| 650 #7 - SUBJECT ADDED ENTRY--TOPICAL TERM | |
| Topical term or geographic name as entry element | Iraq War, 2003- |
| Source of heading or term | BUEsh |
| 650 #7 - SUBJECT ADDED ENTRY--TOPICAL TERM | |
| Topical term or geographic name as entry element | Democracy |
| Geographic subdivision | Iraq. |
| Source of heading or term | BUEsh |
| 651 #7 - SUBJECT ADDED ENTRY--GEOGRAPHIC NAME | |
| Geographic name | Iraq |
| General subdivision | Politics and government |
| Chronological subdivision | 1958- |
| Source of heading or term | BUEsh |
| 651 #7 - SUBJECT ADDED ENTRY--GEOGRAPHIC NAME | |
| Geographic name | Iraq |
| General subdivision | Ethnic relations. |
| Source of heading or term | BUEsh |
| 655 ## - INDEX TERM--GENRE/FORM | |
| Form subdivision | Reading book |
| 700 1# - ADDED ENTRY--PERSONAL NAME | |
| Personal name | Stansfield, Gareth R. V., |
| Relator term | author. |
| 856 42 - ELECTRONIC LOCATION AND ACCESS | |
| Materials specified | Contributor biographical information |
| Uniform Resource Identifier | <a href="http://www.loc.gov/catdir/bios/hol053/2003058846.html">http://www.loc.gov/catdir/bios/hol053/2003058846.html</a> |
| 856 42 - ELECTRONIC LOCATION AND ACCESS | |
| Materials specified | Publisher description |
| Uniform Resource Identifier | <a href="http://www.loc.gov/catdir/description/hol041/2003058846.html">http://www.loc.gov/catdir/description/hol041/2003058846.html</a> |
| 856 42 - ELECTRONIC LOCATION AND ACCESS | |
| Materials specified | Table of contents |
| Uniform Resource Identifier | <a href="http://www.loc.gov/catdir/toc/hol041/2003058846.html">http://www.loc.gov/catdir/toc/hol041/2003058846.html</a> |
| 942 ## - ADDED ENTRY ELEMENTS (KOHA) | |
| Koha item type | NB - Book (Non borrowing) |
| Source of classification or shelving scheme | Dewey Decimal Classification |
| Withdrawn status | Lost status | Source of classification or shelving scheme | Damaged status | Not for loan | Collection code | Home library | Current library | Shelving location | Date acquired | Source of acquisition | Total Checkouts | Full call number | Barcode | Date last seen | Date checked out | Price effective from | Koha item type |
|---|---|---|---|---|---|---|---|---|---|---|---|---|---|---|---|---|---|
| Dewey Decimal Classification | Baccah | Central Library | Central Library | Second Floor | 02/10/2007 | Purchase | 8 | 956.70443 AND | 000005898 | 15/07/2025 | 24/10/2012 | 02/10/2007 | NB - Book (Non borrowing) |